| 000 | 00404nam a22001697a 4500 | ||
|---|---|---|---|
| 003 | MACL | ||
| 005 | 20150704122324.0 | ||
| 008 | 150704b xxu||||| |||| 00| 0 eng d | ||
| 040 | _cMACL | ||
| 041 | _aEnglish | ||
| 082 | _a150/KAR | ||
| 100 |
_aKakar, Sudhir _9527 |
||
| 245 | _aThe Inner World | ||
| 260 |
_aNew Delhi _bOxford University Press _c1990 |
||
| 650 |
_aPsychology _9334 |
||
| 942 |
_2ddc _cHIN |
||
| 999 |
_c49968 _d49968 |
||